[Event "Lichtenrader Herbst"]
[Site "Berlin"]
[Date "2018.10.31"]
[Round "5.10"]
[White "Sulayev, Daniel"]
[Black "Schmuecker, Marcus"]
[Result "0-1"]
[WhiteElo "2007"]
[BlackElo "2271"]
[PlyCount "114"]
[EventDate "2018.??.??"]
[WhiteTeam "SV Empor Berlin e.V."]
[BlackTeam "SV Hemer 1932"]

1. c4 e6 2. g3 d5 3. Nf3 Nf6 4. b3 Be7 5. Bg2 O-O 6. O-O c5 7. d3 Nc6 8. Nbd2
Re8 9. a3 Bf8 10. Bb2 e5 11. e4 dxe4 12. dxe4 Bg4 13. h3 Bh5 14. Re1 Qd7 15.
Nf1 Rad8 16. Qxd7 Rxd7 17. Ne3 Rd3 18. g4 Bg6 19. Nd5 Rxb3 20. Nxf6+ gxf6 21.
Ra2 Rd8 22. h4 h5 23. g5 Be7 24. Ba1 Rdd3 25. Nd2 Rxa3 26. Rxa3 Rxa3 27. f4
fxg5 28. f5 Bh7 29. Nf3 Rxf3 30. Bxf3 g4 31. Bg2 Kf8 32. Rb1 b6 33. Rd1 Ke8 34.
Rd5 f6 35. Rd2 Bg8 36. Bf1 Nd4 37. Kf2 Kd7 38. Ra2 a5 39. Bd3 Bf8 40. Bc3 Nc6
41. Ra1 Bh6 42. Be2 Kc7 43. Bf1 Bf7 44. Be2 Bf4 45. Bf1 Nb4 46. Be2 Be8 47. Bd1
Bc6 48. Bxb4 cxb4 49. Bc2 Bd2 50. Ra2 Bc3 51. Ke2 Kd6 52. Kd3 Kc5 53. Bd1 Be8
54. Ba4 Bxa4 55. Rxa4 g3 56. Ra2 a4 57. Ke2 b3 0-1

[Event "Lichtenrader Herbst"]
[Site "Berlin"]
[Date "2018.10.31"]
[Round "5.11"]
[White "Haugli, Petter"]
[Black "Fartmann, Oliver"]
[Result "1/2-1/2"]
[WhiteElo "2238"]
[BlackElo "2014"]
[PlyCount "56"]
[EventDate "2018.??.??"]
[WhiteTeam "Moss Schakklub"]
[BlackTeam "SV Mattnetz Berlin e.V."]

1. c4 e5 2. Nc3 Nf6 3. g3 d5 4. cxd5 Nxd5 5. Bg2 Nb6 6. d3 Be7 7. Be3 O-O 8.
Rc1 f5 9. Qd2 f4 10. Bxb6 axb6 11. Nf3 Nc6 12. O-O g5 13. Qd1 Be6 14. Nd2 Rf6
15. Nc4 Rh6 16. Bxc6 bxc6 17. Nxe5 Bf6 18. Nxc6 Qe8 19. Ne4 Qh5 20. Nxf6+ Rxf6
21. Nd4 Rh6 22. Nf3 Bg4 23. Qb3+ Kf8 24. Rxc7 Bxf3 25. Qb4+ Kg8 26. Qc4+ Kf8
27. Qb4+ Kg8 28. Qc4+ Kf8 1/2-1/2

[Event "Lichtenrader Herbst"]
[Site "Berlin"]
[Date "2018.10.31"]
[Round "5.12"]
[White "Bolk, Matthias"]
[Black "Hesse, Henrik"]
[Result "1-0"]
[WhiteElo "2080"]
[BlackElo "2272"]
[PlyCount "109"]
[EventDate "2018.??.??"]
[WhiteTeam "SC Kreuzberg e.V."]
[BlackTeam "SV Mattnetz Berlin e.V."]

1. e4 g6 2. d4 Bg7 3. Bc4 d5 4. exd5 Nf6 5. Nc3 O-O 6. Nge2 Nbd7 7. Bb3 Nb6 8.
Nf4 Bg4 9. f3 Bf5 10. Be3 g5 11. Nfe2 h6 12. h4 Nbxd5 13. Nxd5 Nxd5 14. Bxd5
Qxd5 15. hxg5 hxg5 16. Bxg5 Qc6 17. Qd2 Qxc2 18. Qxc2 Bxc2 19. Rc1 Bd3 20. Bh6
Bxh6 21. Rxh6 Kg7 22. Rh4 c6 23. Nf4 Bf5 24. d5 cxd5 25. Nxd5 e6 26. Ne3 Bg6
27. Rc7 Rab8 28. Rb4 b5 29. Rxa7 Rfd8 30. Ra5 Rd3 31. Ke2 Rd6 32. a4 Rbd8 33.
axb5 Rd2+ 34. Ke1 f5 35. Ra7+ Kf6 36. b6 R2d3 37. Ra3 R3d7 38. b7 Rb8 39. Ra7
e5 40. Rb6+ Kg5 41. Nc4 Bf7 42. Nd6 Bd5 43. Ra5 Bxb7 44. Rxe5 Kf4 45. Rxf5+ Kg3
46. Rg5+ Kf4 47. Rg4+ Ke5 48. Nxb7 Rh8 49. Re4+ Kf5 50. Nd6+ Kg5 51. Rg4+ Kf6
52. Ne4+ Kf7 53. Ng5+ Kg7 54. Ne6+ Kf7 55. Rg7+ 1-0

[Event "Lichtenrader Herbst"]
[Site "Berlin"]
[Date "2018.10.31"]
[Round "5.13"]
[White "Noetzel, Felix"]
[Black "Boettcher, Patrick"]
[Result "1/2-1/2"]
[WhiteElo "2216"]
[BlackElo "2034"]
[PlyCount "98"]
[EventDate "2018.??.??"]
[WhiteTeam "SF Berlin 1903 e.V."]
[BlackTeam "SC Zitadelle Spandau 1977 e.V."]

1. d4 Nf6 2. Nd2 g6 3. e4 d6 4. Ngf3 Bg7 5. Bd3 O-O 6. O-O c5 7. dxc5 dxc5 8.
Qe2 Nc6 9. c3 Qc7 10. a4 Nh5 11. Nc4 Nf4 12. Bxf4 Qxf4 13. Ne3 e6 14. Rfd1 Qc7
15. Bc4 b6 16. Rd2 Bb7 17. Rad1 Rad8 18. Bb5 Bh6 19. h4 Qe7 20. e5 Bg7 21. Nc4
a6 22. Bxc6 Bxc6 23. Nxb6 Bxf3 24. Qxf3 Rxd2 25. Rxd2 Bxe5 26. Nc4 Bg7 27. g3
Rd8 28. Qd1 Bf6 29. Rxd8+ Qxd8 30. Qxd8+ Bxd8 31. b4 cxb4 32. cxb4 Kf8 33. Kg2
Ke7 34. Kf3 f6 35. Ke4 Kd7 36. b5 axb5 37. axb5 Be7 38. f3 h5 39. Kd4 Bb4 40.
Ke4 Be1 41. Kf4 e5+ 42. Nxe5+ fxe5+ 43. Kxe5 Ke7 44. b6 Ba5 45. b7 Bc7+ 46. Ke4
Ke6 47. g4 hxg4 48. fxg4 Bb8 49. h5 gxh5 1/2-1/2

[Event "Lichtenrader Herbst"]
[Site "Berlin"]
[Date "2018.10.31"]
[Round "5.14"]
[White "Noeldner, Julian"]
[Black "Bekasovs, Rihards"]
[Result "1/2-1/2"]
[WhiteElo "2024"]
[BlackElo "2182"]
[PlyCount "61"]
[EventDate "2018.??.??"]
[WhiteTeam "SF Nordost Berlin"]
[BlackTeam "Riga Chess School"]

1. e4 e6 2. d4 d5 3. exd5 exd5 4. Nf3 Bd6 5. c4 dxc4 6. Bxc4 Qe7+ 7. Be3 Nf6 8.
O-O O-O 9. Re1 Bg4 10. Nc3 Nbd7 11. Nb5 Nb6 12. Bb3 Qd7 13. Nxd6 Qxd6 14. h3
Bxf3 15. Qxf3 Nbd5 16. Bg5 c6 17. Rad1 Rfe8 18. Rxe8+ Rxe8 19. Bxf6 Nxf6 20. d5
cxd5 21. Bxd5 Nxd5 22. Qxd5 Qc7 23. Qd6 Qxd6 24. Rxd6 Kf8 25. Rd7 Re7 26. Rd8+
Re8 27. Rd7 Re7 28. Rd8+ Re8 29. Rd7 Re7 30. Rd8+ Re8 31. Rd7 1/2-1/2

[Event "Lichtenrader Herbst"]
[Site "Berlin"]
[Date "2018.10.31"]
[Round "5.15"]
[White "Juhnke, Juergen"]
[Black "Jesse, Timo"]
[Result "1/2-1/2"]
[WhiteElo "2228"]
[BlackElo "2064"]
[PlyCount "84"]
[EventDate "2018.??.??"]
[WhiteTeam "HSK Lister Turm"]
[BlackTeam "ESV 1949 Eberswalde e.V."]

1. e4 e6 2. d4 d5 3. Nd2 Nf6 4. e5 Nfd7 5. f4 c5 6. c3 Nc6 7. Ndf3 Qb6 8. g3
cxd4 9. cxd4 Be7 10. Bh3 O-O 11. Ne2 f6 12. Bxe6+ Kh8 13. exf6 Bb4+ 14. Bd2
Nxf6 15. Bxc8 Raxc8 16. O-O Rfe8 17. Bxb4 Qxb4 18. Ne5 Rc7 19. Rf3 Na5 20. Rc3
Nc4 21. Rb3 Qd6 22. Rc1 Qe6 23. Nc3 Ne3 24. Qd3 Nf5 25. Re1 Kg8 26. Re2 Nd6 27.
Nb5 Rc1+ 28. Kg2 Nde4 29. Nc3 g5 30. Qe3 Nxc3 31. bxc3 Rd1 32. Rxb7 Ne4 33.
Rxa7 Rb8 34. Nf7 Rbb1 35. Nxg5 Qg4 36. Nf3 h5 37. c4 h4 38. Ne1 hxg3 39. hxg3
Qh5 40. cxd5 Rxe1 41. Ra8+ Kg7 42. Ra7+ Kg8 1/2-1/2

[Event "Lichtenrader Herbst"]
[Site "Berlin"]
[Date "2018.10.31"]
[Round "5.16"]
[White "Kornitzky, Tino"]
[Black "Koenig, Christian"]
[Result "1-0"]
[WhiteElo "2189"]
[BlackElo "2021"]
[PlyCount "53"]
[EventDate "2018.??.??"]
[WhiteTeam "FC Bayern München e.V."]
[BlackTeam "Matt Inn Dortmund"]

1. d4 Nf6 2. c4 g6 3. Nc3 Bg7 4. e4 O-O 5. Nf3 d6 6. Be2 e5 7. d5 a5 8. Bg5 h6
9. Be3 Ng4 10. Bd2 f5 11. h3 Nf6 12. exf5 gxf5 13. Qc1 Kh7 14. g4 e4 15. Nd4
Nxd5 16. Nxd5 Bxd4 17. Bxh6 Bxb2 18. Qxb2 Kxh6 19. Rg1 Nd7 20. gxf5 Ne5 21. f6
Rxf6 22. Qd2+ Kh7 23. Qg5 Rg6 24. Qxd8 Rxg1+ 25. Kd2 Rxa1 26. Qxc7+ Bd7 27.
Nf6+ 1-0

[Event "Lichtenrader Herbst"]
[Site "Berlin"]
[Date "2018.10.31"]
[Round "5.17"]
[White "Hahlbohm, Matthias"]
[Black "Llopis de Aysa, Manuel"]
[Result "1/2-1/2"]
[WhiteElo "2088"]
[BlackElo "2092"]
[PlyCount "89"]
[EventDate "2018.??.??"]
[WhiteTeam "TSG Oberschöneweide e.V."]
[BlackTeam "C.E. Montcada"]

1. e4 g6 2. d4 Bg7 3. Nc3 c6 4. Be3 d5 5. f3 Qb6 6. Qd2 Qxb2 7. Rb1 Qa3 8. exd5
Nf6 9. Bc4 O-O 10. dxc6 bxc6 11. Nge2 Nbd7 12. O-O Nb6 13. Bb3 Ba6 14. Rfe1
Rfd8 15. Qc1 Qxc1 16. Rbxc1 Nfd5 17. Nxd5 cxd5 18. Rcd1 Rdc8 19. Nf4 e6 20. Nd3
Bxd3 21. Rxd3 Bf8 22. Bd2 Rab8 23. Rc3 Rxc3 24. Bxc3 Rc8 25. Bb2 Nc4 26. Bc1
Bb4 27. Rd1 Nb6 28. Bd2 Bxd2 29. Rxd2 Kf8 30. Kf2 Ke7 31. Ke2 Kd6 32. Kd3 Kc6
33. c3 Rb8 34. Rc2 Kd6 35. Re2 a5 36. a4 Nc8 37. Kc2 Ne7 38. f4 h5 39. Ba2 Ng8
40. Kd3 Nf6 41. g3 Rb7 42. Rc2 Nd7 43. Re2 Kc6 44. Rc2 Kd6 45. Re2 1/2-1/2

[Event "Lichtenrader Herbst"]
[Site "Berlin"]
[Date "2018.10.31"]
[Round "5.19"]
[White "Zhou, Lepu Coco"]
[Black "Krefenstein, Sergej"]
[Result "1/2-1/2"]
[WhiteElo "1617"]
[BlackElo "2116"]
[PlyCount "120"]
[EventDate "2018.??.??"]
[WhiteTeam "Schachpinguine Berlin e.V."]
[BlackTeam "TuS Makkabi Berlin e.V."]

1. e4 c6 2. Nc3 d5 3. Nf3 Nf6 4. e5 Ne4 5. d4 Nxc3 6. bxc3 c5 7. Bd3 c4 8. Be2
h6 9. O-O Bf5 10. Nh4 Be4 11. e6 fxe6 12. Bh5+ Kd7 13. Bg6 Bxg6 14. Nxg6 Rg8
15. Ne5+ Kc8 16. Qg4 Qd6 17. Ba3 Qa6 18. Qg6 Kd8 19. Qf7 Qxa3 20. Qxg8 Nd7 21.
Qxe6 Nxe5 22. Qxe5 Qd6 23. Qxd6+ exd6 24. Rfe1 Kd7 25. Rab1 b6 26. f4 Be7 27.
g3 Bf6 28. Kg2 Kc6 29. Re6 b5 30. a4 a6 31. Ree1 Rb8 32. Rb2 a5 33. axb5+ Rxb5
34. Reb1 Rxb2 35. Rxb2 a4 36. Rb4 Bd8 37. Rxa4 Kb5 38. Rb4+ Kc6 39. Rb8 Ba5 40.
Rc8+ Kb5 41. Rg8 Bxc3 42. Rxg7 Bxd4 43. Rg6 Bc5 44. Rxh6 d4 45. Re6 Kb4 46. Kf3
Kc3 47. Re2 d3 48. cxd3 Kxd3 49. Re1 Kd2 50. Ra1 Bd4 51. Ra5 Kd3 52. Ra2 c3 53.
Kg4 c2 54. Rxc2 Kxc2 55. Kf5 Kd3 56. Ke6 Ke4 57. Kxd6 Kf5 58. h3 Bf2 59. g4+
Kxf4 60. Kd5 Bh4 1/2-1/2

[Event "Lichtenrader Herbst"]
[Site "Berlin"]
[Date "2018.10.31"]
[Round "5.20"]
[White "Rettore, Ludwig"]
[Black "Spors, Carl Philip"]
[Result "0-1"]
[WhiteElo "2076"]
[BlackElo "1868"]
[PlyCount "120"]
[EventDate "2018.??.??"]
[WhiteTeam "Il Castalletto"]
[BlackTeam "SG Lasker Stegli"]

1. Nf3 d6 2. e4 c5 3. d4 cxd4 4. Nxd4 Nf6 5. Nc3 a6 6. Be2 e5 7. Nb3 Be7 8. O-O
O-O 9. Be3 Be6 10. Qd2 Nbd7 11. a4 Rc8 12. Rfd1 Nb6 13. a5 Nc4 14. Bxc4 Rxc4
15. f3 Qc7 16. Bb6 Qc6 17. Kh1 Nd7 18. Be3 f5 19. Bg5 Nf6 20. exf5 Bxf5 21.
Bxf6 Bxf6 22. Rac1 h6 23. Qxd6 Bg5 24. Qxe5 Bxc1 25. Rxc1 Rf7 26. Nd4 Qf6 27.
Qxf6 Rxf6 28. Rd1 Bh7 29. Nd5 Rd6 30. b3 Rc5 31. c4 Rxa5 32. h4 Kf7 33. Re1 Rd7
34. f4 Ra2 35. Nf3 Kf8 36. g4 b5 37. Ne5 Rd8 38. f5 bxc4 39. bxc4 Rc2 40. h5 a5
41. Nc6 Re8 42. Ne5 Rxc4 43. Re3 Rc2 44. Nf4 Rec8 45. Ne6+ Ke7 46. Nd4 Ra2 47.
Nc4+ Kf6 48. g5+ Kxg5 49. Nf3+ Kf4 50. Rc3 Bxf5 51. Nd4 Be4+ 52. Kg1 Ra4 53.
Ne6+ Kf5 54. Nd6+ Kxe6 55. Nxc8 Kf6 56. Nd6 Rd4 57. Nb5 Rd5 58. Na3 Kg5 59.
Rg3+ Kxh5 60. Re3 Rd3 0-1

[Event "Lichtenrader Herbst"]
[Site "Berlin"]
[Date "2018.10.31"]
[Round "5.21"]
[White "Gebigke, Martin"]
[Black "Stigar, Petter"]
[Result "0-1"]
[WhiteElo "2057"]
[BlackElo "2190"]
[PlyCount "80"]
[EventDate "2018.??.??"]
[WhiteTeam "SC Kreuzberg e.V."]
[BlackTeam "SK 96"]

1. d4 d5 2. c4 e6 3. Nf3 Nf6 4. Nc3 Nbd7 5. e3 c6 6. Bd3 dxc4 7. Bxc4 b5 8. Bb3
Bb7 9. O-O b4 10. Na4 c5 11. Nxc5 Nxc5 12. dxc5 Bxc5 13. Ba4+ Ke7 14. Ne5 Qc7
15. f4 Rhd8 16. Qe1 Qb6 17. Kh1 Rac8 18. b3 Bd5 19. Qg3 Kf8 20. Bb2 Bxe3 21.
Nd7+ Rxd7 22. Bxf6 gxf6 23. Bxd7 Rc2 24. Rf3 Bxf3 25. Qxf3 Qd4 26. Rd1 Rd2 27.
Rxd2 Bxd2 28. Bb5 Bxf4 29. g3 Be5 30. Kg2 Qd2+ 31. Qe2 Qxe2+ 32. Bxe2 f5 33.
Kf3 Kg7 34. Bb5 Kf6 35. Bc6 Bd4 36. Be8 e5 37. Bb5 e4+ 38. Kg2 Ke5 39. Bc4 f6
40. Bg8 h6 0-1

[Event "Lichtenrader Herbst"]
[Site "Berlin"]
[Date "2018.10.31"]
[Round "5.22"]
[White "Buttkus, Andre"]
[Black "Schnabel, Ralf"]
[Result "0-1"]
[WhiteElo "1987"]
[BlackElo "2202"]
[PlyCount "85"]
[EventDate "2018.??.??"]
[WhiteTeam "SK Tempelhof 1931 e.V."]
[BlackTeam "ESV Nickelhütte Aue"]

1. Nf3 f5 2. d3 d6 3. e4 e5 4. Nc3 c5 5. Be2 Nc6 6. O-O Nf6 7. Bg5 Be7 8. Bxf6
Bxf6 9. Nd5 O-O 10. c3 Kh8 11. a3 Be6 12. Nxf6 Qxf6 13. b4 b6 14. Nd2 Rac8 15.
Rc1 Rc7 16. Kh1 f4 17. Nf3 Nd8 18. h3 g6 19. Qd2 Nf7 20. d4 Rfc8 21. bxc5 bxc5
22. d5 Bd7 23. Rb1 h5 24. Nh2 Nh6 25. Rb2 Rg8 26. Rfb1 Bc8 27. Rb8 Qf7 28. Qd1
Bd7 29. Rxg8+ Nxg8 30. Rb8 Kg7 31. Bb5 Bc8 32. Be2 Qe7 33. Kg1 Nf6 34. Bf3 Nd7
35. Rb2 Qh4 36. Qe1 Qe7 37. Qd1 Kh6 38. Kh1 Nf6 39. Rb8 g5 40. Be2 Nxe4 41. Kg1
Nxc3 42. Qd3 Nxe2+ 43. Qxe2 0-1

[Event "Lichtenrader Herbst"]
[Site "Berlin"]
[Date "2018.10.31"]
[Round "5.23"]
[White "Wierzbicki, Jirawat"]
[Black "Bornschein, Burkhard"]
[Result "1/2-1/2"]
[WhiteElo "2199"]
[BlackElo "1988"]
[PlyCount "52"]
[EventDate "2018.??.??"]
[WhiteTeam "SK König Tegel 1949 e.V."]
[BlackTeam "BSC Rehberge 1945 e.V."]

1. e4 c5 2. c3 d5 3. exd5 Qxd5 4. d4 Nc6 5. Nf3 e6 6. Be3 cxd4 7. cxd4 Nf6 8.
Nc3 Qd8 9. a3 Be7 10. Bd3 Bd7 11. O-O O-O 12. Qe2 a6 13. Rad1 Qa5 14. Ne4 h6
15. Bb1 Nxe4 16. Bxe4 f5 17. Bb1 Bf6 18. Ba2 Ne7 19. Bd2 Qb6 20. Bb4 Rfe8 21.
Ne5 Bb5 22. Bc4 Bxe5 23. dxe5 Nd5 24. Bxb5 Qxb5 25. Qxb5 axb5 26. Bd2 Rec8
1/2-1/2

[Event "Lichtenrader Herbst"]
[Site "Berlin"]
[Date "2018.10.31"]
[Round "5.24"]
[White "Woerz, Markus"]
[Black "Niehaus, Frank"]
[Result "1/2-1/2"]
[WhiteElo "1996"]
[BlackElo "2195"]
[PlyCount "77"]
[EventDate "2018.??.??"]
[WhiteTeam "SC Kreuzberg e.V."]
[BlackTeam "SK König Tegel 1949 e.V."]

1. e4 c5 2. Nc3 Nc6 3. g3 g6 4. Bg2 Bg7 5. d3 d6 6. Nge2 Rb8 7. O-O Nf6 8. h3
O-O 9. Be3 b5 10. Qd2 b4 11. Nd1 a5 12. Bh6 Ba6 13. Bxg7 Kxg7 14. Ne3 Nd4 15.
f4 Nd7 16. f5 Ne5 17. Nd5 f6 18. Nxd4 cxd4 19. Nf4 Bc8 20. fxg6 hxg6 21. a3 b3
22. c3 dxc3 23. Qxc3 Qb6+ 24. Rf2 Qa7 25. d4 Nf7 26. Rc1 g5 27. Nd5 Be6 28. Qe3
Rfc8 29. Rxc8 Rxc8 30. Qxb3 Qxd4 31. Qe3 Qxe3 32. Nxe3 Bb3 33. Rd2 Ne5 34. Kf2
Be6 35. Bf1 Bb3 36. Bg2 Kf7 37. Bf1 Rh8 38. Rd4 Rc8 39. Rd2 1/2-1/2

[Event "Lichtenrader Herbst"]
[Site "Berlin"]
[Date "2018.10.31"]
[Round "5.25"]
[White "Arndt, Uwe"]
[Black "Kather, Yannick"]
[Result "1/2-1/2"]
[WhiteElo "1922"]
[BlackElo "2136"]
[PlyCount "129"]
[EventDate "2018.??.??"]
[WhiteTeam "BSV 63 Chemie Weißensee"]
[BlackTeam "SC Weisse Dame e.V."]

1. d4 Nf6 2. c4 g6 3. Nc3 d5 4. cxd5 Nxd5 5. e4 Nxc3 6. bxc3 Bg7 7. Nf3 c5 8.
Be3 O-O 9. Be2 Nc6 10. O-O cxd4 11. cxd4 Bg4 12. d5 Na5 13. Rc1 b6 14. Nd4 Bxe2
15. Qxe2 Qd6 16. Nc6 Nxc6 17. Rxc6 Qb4 18. Qc4 Qxc4 19. Rxc4 Bb2 20. Rb1 Ba3
21. Rb3 Bd6 22. f4 f6 23. a4 Rfc8 24. Rbc3 Rcb8 25. Rb3 Rc8 26. Rbc3 Rxc4 27.
Rxc4 Rb8 28. g3 Kf7 29. Rc6 Ke8 30. Bd4 Rd8 31. Kg2 f5 32. Kf3 fxe4+ 33. Kxe4
Kd7 34. Be5 Rb8 35. Bd4 Rc8 36. Rxc8 Kxc8 37. g4 Kd7 38. h4 e6 39. dxe6+ Kxe6
40. f5+ gxf5+ 41. gxf5+ Kd7 42. Kd5 h5 43. Bf6 a6 44. Bg5 b5 45. axb5 axb5 46.
f6 b4 47. Kc4 Ke6 48. Kb3 Bf8 49. Kc4 Ke5 50. Kb3 Kf5 51. Kc4 Kg6 52. Kb3 Bd6
53. Kc4 Be5 54. Kb3 Bxf6 55. Bxf6 Kxf6 56. Kxb4 Kf5 57. Kc3 Kg4 58. Kd2 Kxh4
59. Ke2 Kg3 60. Kf1 Kh2 61. Kf2 h4 62. Kf1 h3 63. Kf2 Kh1 64. Kf1 h2 65. Kf2
1/2-1/2

[Event "Lichtenrader Herbst"]
[Site "Berlin"]
[Date "2018.10.31"]
[Round "5.26"]
[White "Bartoszewski-Reiski, Olaf"]
[Black "Lachmann, Utz"]
[Result "0-1"]
[WhiteElo "1900"]
[BlackElo "2191"]
[PlyCount "64"]
[EventDate "2018.??.??"]
[WhiteTeam "Korona Gdansk"]
[BlackTeam "SF Berlin 1903 e.V."]

1. e4 c6 2. Nc3 d5 3. Nf3 dxe4 4. Nxe4 Nf6 5. Nxf6+ gxf6 6. d4 Bg4 7. Be2 e6 8.
Bf4 Bd6 9. Bg3 Qc7 10. c3 Nd7 11. Nh4 Bxe2 12. Qxe2 O-O-O 13. Bxd6 Qxd6 14. g3
Qd5 15. Qf3 Qg5 16. Ng2 Rhe8 17. h4 Qh6 18. Qe3 Qh5 19. Qe2 Qd5 20. O-O e5 21.
c4 Qxd4 22. b4 f5 23. Rfc1 Nf6 24. c5 Qd3 25. Qb2 Ne4 26. Rd1 Qf3 27. Rxd8+
Rxd8 28. Rf1 f6 29. Ne1 Qg4 30. Ng2 Nd2 31. Rc1 Nf3+ 32. Kf1 Qh3 0-1

[Event "Lichtenrader Herbst"]
[Site "Berlin"]
[Date "2018.10.31"]
[Round "5.28"]
[White "Kopischke, Maik"]
[Black "Cusnariov, Nikolai"]
[Result "0-1"]
[WhiteElo "1761"]
[BlackElo "2165"]
[PlyCount "50"]
[EventDate "2018.??.??"]
[WhiteTeam "SC Zugzwang 95 e.V."]
[BlackTeam "USV Potsdam e.V., Abt. Schach"]

1. g3 d5 2. Bg2 Nf6 3. Nf3 g6 4. c4 c6 5. cxd5 cxd5 6. Nc3 Bg7 7. O-O O-O 8. d4
e6 9. Bf4 Nh5 10. Be5 f6 11. Bxb8 Rxb8 12. g4 Nf4 13. Bh1 e5 14. dxe5 fxe5 15.
Ne1 d4 16. Ne4 Bxg4 17. f3 Bf5 18. Ng3 Nh3+ 19. Kg2 Qg5 20. Nd3 h5 21. Qc1 Nf4+
22. Kf2 Bxd3 23. Qd1 Ba6 24. Rc1 Rbc8 25. Bg2 h4 0-1

[Event "Lichtenrader Herbst"]
[Site "Berlin"]
[Date "2018.10.31"]
[Round "5.29"]
[White "Federau, Juergen"]
[Black "Moewisch, Dave"]
[Result "1/2-1/2"]
[WhiteElo "2116"]
[BlackElo "1875"]
[PlyCount "61"]
[EventDate "2018.??.??"]
[WhiteTeam "SC Kreuzberg e.V."]
[BlackTeam "SV Briesen e.V."]

1. d4 d5 2. c4 e6 3. Nc3 Nf6 4. cxd5 Nxd5 5. e4 Nxc3 6. bxc3 c5 7. Nf3 cxd4 8.
cxd4 Bb4+ 9. Bd2 Bxd2+ 10. Qxd2 O-O 11. Rc1 b6 12. Bd3 Bb7 13. O-O Nc6 14. Qe3
Rc8 15. Rfd1 Qe7 16. Bf1 Rfd8 17. a3 Na5 18. Ne5 Qd6 19. Nc4 Nxc4 20. Bxc4 h6
21. h3 a6 22. d5 b5 23. Ba2 e5 24. Qb3 Rxc1 25. Rxc1 Rc8 26. Rxc8+ Bxc8 27. Qb4
Qxb4 28. axb4 g5 29. Kf1 Kf8 30. Ke2 Ke7 31. Bb1 1/2-1/2

[Event "Lichtenrader Herbst"]
[Site "Berlin"]
[Date "2018.10.31"]
[Round "5.30"]
[White "Arnold, Leander"]
[Black "Schnabel, Bennett"]
[Result "1/2-1/2"]
[WhiteElo "1775"]
[BlackElo "2146"]
[PlyCount "86"]
[EventDate "2018.??.??"]
[WhiteTeam "SC Borussia Lichtenberg"]
[BlackTeam "SV Mattnetz Berlin e.V."]

1. c4 f5 2. Nc3 Nf6 3. g3 g6 4. Bg2 Bg7 5. e3 d6 6. Nge2 e5 7. d3 c6 8. O-O O-O
9. b3 Na6 10. Bb2 g5 11. f3 Be6 12. d4 Qa5 13. a3 Rad8 14. Qc2 h5 15. h4 gxh4
16. gxh4 Qc7 17. dxe5 dxe5 18. Ng3 e4 19. Nce2 Bh6 20. f4 c5 21. Rad1 Kh7 22.
Bh3 Ng4 23. Bxg4 hxg4 24. Nh5 Qe7 25. Rxd8 Qxd8 26. Qc3 Kg6 27. Neg3 Nc7 28.
Rf2 Ne8 29. Rd2 Qxh4 30. Qe5 Qe7 31. b4 b6 32. bxc5 bxc5 33. a4 a5 34. Ba3 Bg7
35. Nxg7 Nxg7 36. Bxc5 Qh4 37. Bxf8 Qxg3+ 38. Rg2 Qxe3+ 39. Rf2 Qg3+ 40. Kh1
Qh3+ 41. Kg1 Qg3+ 42. Kh1 Qh4+ 43. Kg1 Qg3+ 1/2-1/2

[Event "Lichtenrader Herbst"]
[Site "Berlin, Germany"]
[Date "2018.11.01"]
[Round "6.1"]
[White "Stern, Rene"]
[Black "Florstedt, Johannes"]
[Result "1-0"]
[WhiteElo "2527"]
[BlackElo "2310"]
[PlyCount "137"]
[EventDate "2018.??.??"]

1. Nf3 c5 2. e3 Nc6 3. d4 cxd4 4. exd4 d5 5. c3 Nf6 6. Bf4 Bf5 7. Bd3 Bxd3 8.
Qxd3 e6 9. Nbd2 Bd6 10. Bxd6 Qxd6 11. O-O O-O 12. Qe2 b5 13. a3 Nd7 14. b4 a6
15. Nb3 Nb6 16. Nc5 Nc4 17. a4 bxa4 18. Nd2 Nxd2 19. Qxd2 a5 20. b5 Ne5 21. Qf4
Nc4 22. Qxd6 Nxd6 23. b6 Rfe8 24. Rfb1 Rab8 25. b7 Re7 26. Rxa4 Nc4 27. g3 Kf8
28. Rb5 Rc7 29. Rxc4 dxc4 30. Rxa5 Ke7 31. Kg2 Kd6 32. Kf3 Rbxb7 33. Ra6+ Kd5
34. Nxb7 Rxb7 35. Ra5+ Kd6 36. Rc5 Rc7 37. Rb5 Ra7 38. Rc5 Rc7 39. Ra5 Rb7 40.
Ra6+ Kd5 41. Ra8 Kd6 42. Rd8+ Rd7 43. Rg8 g6 44. Ke4 Rc7 45. Rd8+ Ke7 46. Ra8
h5 47. h4 Kf6 48. Ra5 Ke7 49. d5 exd5+ 50. Kxd5 Rd7+ 51. Kxc4 Rd2 52. Re5+ Kd6
53. f4 Rg2 54. Re3 Rg1 55. Kd3 Rd1+ 56. Ke4 Ke6 57. Kf3+ Kf6 58. Ke2 Rd7 59. c4
Kf5 60. Kf3 f6 61. c5 Rc7 62. Rc3 g5 63. fxg5 fxg5 64. hxg5 Kxg5 65. Ke4 Kf6
66. Kd5 Ke7 67. c6 Kd8 68. Ra3 Rc8 69. Kd6 1-0

[Event "Lichtenrader Herbst"]
[Site "Berlin, Germany"]
[Date "2018.11.01"]
[Round "6.2"]
[White "Rakotomaharo, Fy Antenaina"]
[Black "Stets, Dmitry"]
[Result "1/2-1/2"]
[WhiteElo "2422"]
[BlackElo "2373"]
[PlyCount "94"]
[EventDate "2018.??.??"]

1. e4 c5 2. Nf3 d6 3. d4 Nf6 4. Nc3 cxd4 5. Nxd4 g6 6. Be3 Bg7 7. f3 O-O 8. Qd2
Nc6 9. O-O-O d5 10. Qe1 e5 11. Nxc6 bxc6 12. exd5 Nxd5 13. Bc4 Be6 14. Kb1 Rb8
15. Bb3 a5 16. Bc5 e4 17. Bxf8 Nxc3+ 18. Qxc3 Bxc3 19. Rxd8 Rxd8 20. Bc5 Bxb3
21. axb3 Bb4 22. Be3 exf3 23. gxf3 Re8 24. Bb6 Re5 25. Rd1 Kf8 26. Bc7 Rf5 27.
Rd3 h5 28. Kc1 Rg5 29. Bg3 Rf5 30. Kd1 Ke7 31. c3 Bc5 32. Bc7 Ke6 33. Ke2 Rg5
34. Rd1 Rg2+ 35. Kd3 Bd6 36. Bxd6 Kxd6 37. Kc4+ Ke5 38. Kc5 Rxb2 39. Kxc6 Rxb3
40. c4 Rc3 41. c5 Kf4 42. Kb6 a4 43. c6 a3 44. c7 a2 45. Ra1 Rb3+ 46. Ka7 Ra3+
47. Kb7 Rb3+ 1/2-1/2

[Event "Lichtenrader Herbst"]
[Site "Berlin, Germany"]
[Date "2018.11.01"]
[Round "6.3"]
[White "Starostits, Ilmars"]
[Black "Maetzkow, Maximilian Paul"]
[Result "1-0"]
[WhiteElo "2454"]
[BlackElo "2193"]
[PlyCount "103"]
[EventDate "2018.??.??"]

1. e4 c5 2. Nc3 Nc6 3. Bb5 Nd4 4. Bc4 e6 5. Nf3 Ne7 6. O-O a6 7. a4 d5 8. Ba2
Nxf3+ 9. Qxf3 d4 10. Ne2 Nc6 11. d3 Be7 12. Bd2 O-O 13. Qh5 b5 14. f4 bxa4 15.
Rf3 g6 16. Qh6 f5 17. exf5 Rxf5 18. Ng3 Rf6 19. Ne4 Rf7 20. f5 Ne5 21. fxe6
Nxf3+ 22. gxf3 Rf5 23. Ng5 Rxg5+ 24. Bxg5 Ra7 25. Bc4 Qf8 26. Qxf8+ Kxf8 27.
Bh6+ Ke8 28. Rxa4 Bf6 29. Bf4 Ke7 30. Ra5 Bxe6 31. Rxc5 a5 32. b3 Bd7 33. Kf2
a4 34. bxa4 Bxa4 35. Bd5 Bd7 36. Ke2 g5 37. Bb8 Ra6 38. Be4 h5 39. Kd2 Ra2 40.
f4 Rb2 41. fxg5 Bxg5+ 42. Rxg5 Rxb8 43. Rxh5 Rf8 44. Re5+ Be6 45. Bd5 Kd6 46.
Rxe6+ Kxd5 47. Rh6 Rf2+ 48. Kc1 Kc5 49. Kb2 Rf1 50. Rh5+ Kb4 51. Rd5 Rf4 52.
Rxd4+ 1-0

[Event "Lichtenrader Herbst 2018"]
[Site "Berlin, Germany"]
[Date "2018.11.01"]
[Round "6.4"]
[White "Schmuecker, Marcus"]
[Black "Shishkin, Vadim"]
[Result "1/2-1/2"]
[WhiteElo "2271"]
[BlackElo "2453"]
[PlyCount "111"]
[EventDate "2018.??.??"]

1. d4 Nf6 2. c4 g6 3. Nc3 d5 4. cxd5 Nxd5 5. e4 Nxc3 6. bxc3 Bg7 7. Be3 c5 8.
Rc1 Qa5 9. Qd2 O-O 10. Nf3 Rd8 11. Be2 Nc6 12. d5 e6 13. c4 Qxd2+ 14. Bxd2 Nd4
15. Nxd4 Bxd4 16. Bc3 Bxc3+ 17. Rxc3 b6 18. h4 Re8 19. h5 g5 20. h6 exd5 21.
exd5 Bd7 22. Kd2 Re4 23. Rg3 f6 24. Bd3 Rd4 25. Kc3 a6 26. Re1 Re8 27. Rxe8+
Bxe8 28. Re3 Bf7 29. Re7 b5 30. Rc7 Bg6 31. Rc8+ Kf7 32. Bxg6+ Kxg6 33. Rxc5
Rd1 34. cxb5 Rc1+ 35. Kb4 a5+ 36. Kxa5 Rxc5 37. a4 Kf7 38. Ka6 Ke7 39. b6 Kd6
40. b7 Kc7 41. d6+ Kb8 42. Kb6 Rd5 43. Kc6 Rd2 44. d7 f5 45. g3 f4 46. gxf4
gxf4 47. f3 Rd3 48. a5 Rd2 49. a6 Rd3 50. a7+ Kxa7 51. Kc7 Rc3+ 52. Kd6 Rd3+
53. Ke7 Re3+ 54. Kf7 Rd3 55. Ke7 Re3+ 56. Kf7 1/2-1/2